Normal view
MARC view
- Barrow, Colin
Entry Personal Name
001 - CONTROL NUMBER
- control field: 64494
003 - CONTROL NUMBER IDENTIFIER
- control field: NUST
005 - DATE AND TIME OF LATEST TRANSACTION
- control field: 20210628203303.0
008 - FIXED-LENGTH DATA ELEMENTS
- fixed length control field: 210628|| aca||aabn | a|a d
040 ## - CATALOGING SOURCE
- Original cataloging agency: NUST
- Transcribing agency: NUST
100 ## - HEADING--PERSONAL NAME
- Personal name: Barrow, Colin
670 ## - SOURCE DATA FOUND
- Source citation: Work cat.: (NUST): Barrow, Colin, Practical financial management, a guide to budgets, balance sheets and business finance, 2010
